Public Transport in Malaysia(Klang Valley) - Statistics

General Stats
  • This quiz has been taken 59 times
  • The average score is 25 of 43
Answer Stats
Hint Answer % Correct
First driverless train line PUTRA Line/Kelana Jaya Line
86%
First LRT line STAR line/Sri Petaling Line
86%
How many station in KL Monorail Line 11
84%
How many station in BRT ? 7
80%
How many interchange station between KL Monorail Line and LRT 2
68%
How many tunnel station in LRT Kelana Jaya Line? 5
68%
How many interchange station between MRT Kajang line and Kelana Jaya line 1
66%
How many interchange station between MRT Kajang line and Sri Petaling line 1
66%
How many interchange station between MRT Kajang line and Ampang line 2
66%
How many station MRT Kajang 29
66%
What was the station interchange station between Sri Petaling Line and Kelana Jaya Line Masjid Jamek/Putra Heights
66%
How many LRT Kelana Jaya line before the extension line ? 24
64%
Which MRT Station can visit via KL Sentral Muzium Negara
64%
What is the station terminal Monorail KL? Titiwangsa
64%
How many tunnel station in MRT Kajang Line 6
61%
What is the started at Monorail KL station? KL Sentral
61%
What was the interchange station between LRT Sri Petaling and LRT Ampang line Sentul Timur/Sentul/Titiwangsa/PWTC/Sultan Ismail/Bandaraya/Masjid Jamek/Plaza Rakyat/Hang Tuah/Pudu/Chan Sow Lin
61%
Which station can visit UM via train Universiti/KL Gateway-Universiti
61%
How many LRT Sri Petaling line before the extension line ? 18
59%
How many interchange station between Sri Petaling Line and Kelana Jaya line 2
59%
How many island platform station in LRT Sri Petaling line 3
59%
How many KTM Komuter line in Klang Valley? 3
59%
Which LRT station can visit MidValley Mega Mall via train Abdullah Hukum
59%
Which Monorail Station can via to Berjaya Time Square Imbi
59%
Which KTM Komuter station are connecting to Kelana Jaya Line KL Sentral/Kuala Lumpur/Subang Jaya
59%
What is the interchange station between BRT and LRT USJ7
59%
How many BRT line station in Klang Valley 1
57%
When was the KL Sentral opened? (in year) 2001
57%
When was the last extension line LRT? (in year) 2016
57%
What is the "southern terminus" of LRT Sri Petaling line and LRT Kelana Jaya line Putra Heights
57%
Which station can visit KL Tower(Menara Kuala Lumpur) via train Bukit Nanas/Dang Wangi
55%
What was the only interchange station between MRT Kajang line and Ampang line ? AEON Maluri/Maluri
52%
Which KTM Komuter station are connecting to Sri Petaling Line Putra/Bank Negara/Bandar Tasik Selatan
52%
How many island platform station in LRT Kelana Jaya line 21
48%
What is nearest LRT station via Bukit Bintang Dang Wangi/KLCC
48%
What is the BRT line named ? BRT Sunway line/Sunway line
43%
What was the previous name of MRT Kajang MRT Sungai Buloh-Kajang
41%
Which train station is nearest to TARUMT Taman Melati/Wangsa Maju
41%
What was the latest Station name LRT Kelana Jaya line besides southern terminus Lembah Subang/Ara Damansara/Glenmarie/Subang Jaya/SS15/SS18/USJ7/Taipan/Wawasan/USJ21/Alam Megah/Subang Alam
39%
What was the latest Station name LRT Sri Petaling line besides southern terminus Awan Besar/Muhibbah/Alam Sutera/Kinrara BK5/IOI Puchong Jaya/Pusat Bandar Puchong/Taman Perindustrian Puchong/Bandar Puteri/Puchong Perdana/Puchong Prima
34%
Which station can visit Tower EkoCheras Mall and Cheras Leisure Mall via train Taman Mutiara
34%
Which train station is going through the LDP highway Bandar Utama/Kelana Jaya/IOI Puchong Jaya/Pusat Bandar Puchong/Taman Perindustiran Puchong
32%
What was the Sri Petaling station named before? Komanwel
27%
No matching quizzes found
Score Distribution
Percent of People with Each Score
Percentile by Number Answered
Your Score History
You have not taken this quiz